[Event "RUS-ch Blitz Women 2018"]
[Site "Sochi"]
[Date "2018.10.07"]
[Round "18"]
[White "Vasilevich, Tatjana"]
[Black "Vasilevich, Irina"]
[Result "1-0"]
[WhiteElo "2360"]
[BlackElo "2258"]
[Annotator "NA"]
[PlyCount "99"]
[EventDate "2018.10.07"]
[EventType "swiss"]
[EventCountry "RUS"]
[SourceTitle "playchess.com"]
[Source "ChessBase"]
[SourceQuality "1"]
[TimeControl "180+2"]

1. d4 {[%emt 0:00:00]} e6 {[%emt 0:00:00]} 2. c4 {[%emt 0:00:00]} Bb4+ {[%emt 0:00:01]} 3. Nd2 {[%emt 0:00:02]} Nf6 {[%emt 0:00:03]} 4. Ngf3 {[%emt 0:00:01]} O-O {[%emt 0:00:02]} 5. g3 {[%emt 0:00:01]} d6 {[%emt 0:00:05]} 6. Bg2 {[%emt 0:00:02]} Qe7 {[%emt 0:00:01]} 7. O-O {[%emt 0:00:02]} Bxd2 {[%emt 0:00:02]} 8. Qxd2 {[%emt 0:00:12]} e5 {[%emt 0:00:02]} 9. dxe5 {[%emt 0:00:10]} dxe5 {[%emt 0:00:02]} 10. b3 {[%emt 0:00:01]} Nc6 {[%emt 0:00:06]} 11. Bb2 {[%emt 0:00:05]} Rd8 {[%emt 0:00:24]} 12. Qc3 {[%emt 0:00:15]} Ne4 {[%emt 0:00:21]} 13. Qc2 {[%emt 0:00:09]} Ng5 {[%emt 0:00:49]} 14. Rad1 {[%emt 0:00:12]} Nxf3+ {[%emt 0:00:07]} 15. Bxf3 {[%emt 0:00:02]} Bh3 {[%emt 0:00:01]} 16. Rfe1 {[%emt 0:00:08]} h6 {[%emt 0:00:22]} 17. a3 {[%emt 0:00:02]} Rab8 {[%emt 0:00:04]} 18. b4 {[%emt 0:00:09]} Nd4 {[%emt 0:00:04]} 19. Bxd4 {[%emt 0:00:01]} exd4 {[%emt 0:00:01]} 20. c5 {[%emt 0:00:06]} b6 {[%emt 0:00:13]} 21. c6 {[%emt 0:00:15]} a5 {[%emt 0:00:06]} 22. Qb2 {[%emt 0:00:04]} axb4 {[%emt 0:00:04]} 23. axb4 {[%emt 0:00:01]} Qf6 {[%emt 0:00:09]} 24. Rd2 {[%emt 0:00:06]} Rd6 {[%emt 0:00:02]} 25. Ra1 {[%emt 0:00:11]} Rbd8 {[%emt 0:00:14]} 26. Ra7 {[%emt 0:00:06]} Rxc6 {[%emt 0:00:03]} 27. Bxc6 {[%emt 0:00:07]} Qxc6 {[%emt 0:00:01]} 28. f3 {[%emt 0:00:02]} d3 {[%emt 0:00:04]} 29. Ra3 {[%emt 0:00:16]} Qe6 {[%emt 0:00:15]} 30. Raxd3 {[%emt 0:00:05]} Rxd3 {[%emt 0:00:01]} 31. Rxd3 {[%emt 0:00:00]} Kh7 {[%emt 0:00:02]} 32. Qd2 {[%emt 0:00:04]} c5 {[%emt 0:00:01]} 33. bxc5 {[%emt 0:00:05]} bxc5 {[%emt 0:00:01]} 34. Rd6 {[%emt 0:00:03]} Qb3 {[%emt 0:00:03]} 35. Qd3+ {[%emt 0:00:03]} Qxd3 {[%emt 0:00:01]} 36. Rxd3 {[%emt 0:00:04]} Be6 {[%emt 0:00:01]} 37. Rc3 {[%emt 0:00:03]} c4 {[%emt 0:00:01]} 38. Kf2 {[%emt 0:00:01]} Kg6 {[%emt 0:00:01]} 39. Ke3 {[%emt 0:00:01]} Kf6 {[%emt 0:00:01]} 40. Kd4 {[%emt 0:00:00]} g5 {[%emt 0:00:04]} 41. e4 {[%emt 0:00:02]} h5 {[%emt 0:00:03]} 42. Ra3 {[%emt 0:00:03]} h4 {[%emt 0:00:03]} 43. Ra5 {[%emt 0:00:03]} hxg3 {[%emt 0:00:03]} 44. hxg3 {[%emt 0:00:00]} Kg6 {[%emt 0:00:03]} 45. Rc5 {[%emt 0:00:04]} Kf6 {[%emt 0:00:02]} 46. Rc6 {[%emt 0:00:02]} Ke7 {[%emt 0:00:02]} 47. Ke5 {[%emt 0:00:02]} Kd7 {[%emt 0:00:03]} 48. Rc5 {[%emt 0:00:02]} Ke7 {[%emt 0:00:01]} 49. Rc7+ {[%emt 0:00:02]} Kf8 {[%emt 0:00:01]} 50. Kf6 {[%emt 0:00:01]} 1-0

[Event "RUS-ch Blitz Women 2018"]
[Site "Sochi"]
[Date "2018.10.07"]
[Round "18"]
[White "Belenkaya, Dina"]
[Black "Ivanova, Karina"]
[Result "0-1"]
[WhiteElo "2329"]
[BlackElo "2124"]
[Annotator "NA"]
[PlyCount "63"]
[EventDate "2018.10.07"]
[EventType "swiss"]
[EventCountry "RUS"]
[SourceTitle "playchess.com"]
[Source "ChessBase"]
[SourceQuality "1"]
[TimeControl "180+2"]

1. e4 {[%emt 0:00:00]} c6 {[%emt 0:00:00]} 2. d4 {[%emt 0:00:01]} d5 {[%emt 0:00:00]} 3. exd5 {[%emt 0:00:04]} cxd5 {[%emt 0:00:01]} 4. Bd3 {[%emt 0:00:01]} Nc6 {[%emt 0:00:01]} 5. c3 {[%emt 0:00:01]} g6 {[%emt 0:00:02]} 6. Ne2 {[%emt 0:00:10]} Bg7 {[%emt 0:00:03]} 7. O-O {[%emt 0:00:05]} Nh6 {[%emt 0:00:19]} 8. Bf4 {[%emt 0:00:06]} f6 {[%emt 0:00:04]} 9. c4 {[%emt 0:00:31]} e5 {[%emt 0:01:07]} 10. dxe5 {[%emt 0:00:22]} fxe5 {[%emt 0:00:03]} 11. Bxh6 {[%emt 0:00:15]} Bxh6 {[%emt 0:00:02]} 12. cxd5 {[%emt 0:00:01]} Ne7 {[%emt 0:00:16]} 13. Nbc3 {[%emt 0:00:13]} O-O {[%emt 0:00:03]} 14. Qb3 {[%emt 0:00:04]} Kh8 {[%emt 0:00:05]} 15. Ng3 {[%emt 0:00:07]} Nf5 {[%emt 0:00:20]} 16. Rae1 {[%emt 0:00:35]} Nd4 {[%emt 0:00:06]} 17. Qc4 {[%emt 0:00:03]} Bg7 {[%emt 0:00:03]} 18. Nge4 {[%emt 0:00:07]} Bf5 {[%emt 0:00:14]} 19. Nc5 {[%emt 0:00:09]} Rc8 {[%emt 0:00:25]} 20. Qb4 {[%emt 0:00:18]} a5 {[%emt 0:00:15]} 21. Qa3 {[%emt 0:00:08]} Bxd3 {[%emt 0:00:05]} 22. Nxd3 {[%emt 0:00:02]} Nc2 {[%emt 0:00:01]} 23. Qb3 {[%emt 0:00:01]} Nxe1 {[%emt 0:00:01]} 24. Rxe1 {[%emt 0:00:01]} Qd7 {[%emt 0:00:01]} 25. Nxe5 {[%emt 0:00:14]} Rce8 {[%emt 0:00:02]} 26. f4 {[%emt 0:00:02]} Qc7 {[%emt 0:00:01]} 27. Qa3 {[%emt 0:00:07]} Rxf4 {[%emt 0:00:05]} 28. Nxg6+ {[%emt 0:00:03]} hxg6 {[%emt 0:00:02]} 29. Rxe8+ {[%emt 0:00:01]} Kh7 {[%emt 0:00:01]} 30. Qe7 {[%emt 0:00:03]} Qb6+ {[%emt 0:00:02]} 31. Qe3 {[%emt 0:00:07]} Bd4 {[%emt 0:00:02]} 32. Re7+ 0-1

[Event "RUS-ch Blitz Women 2018"]
[Site "Sochi"]
[Date "2018.10.07"]
[Round "18"]
[White "Tomilova, Elena"]
[Black "Miroshnik, Ekaterina"]
[Result "0-1"]
[WhiteElo "2328"]
[BlackElo "2016"]
[Annotator "NA"]
[PlyCount "70"]
[EventDate "2018.10.07"]
[EventType "swiss"]
[EventCountry "RUS"]
[SourceTitle "playchess.com"]
[Source "ChessBase"]
[SourceQuality "1"]
[TimeControl "180+2"]

1. d4 {[%emt 0:00:00]} d5 {[%emt 0:00:00]} 2. Nf3 {[%emt 0:00:01]} e6 {[%emt 0:00:00]} 3. Bf4 {[%emt 0:00:03]} Nf6 {[%emt 0:00:00]} 4. e3 {[%emt 0:00:02]} c5 {[%emt 0:00:01]} 5. c3 {[%emt 0:00:01]} Bd6 {[%emt 0:00:00]} 6. Bg3 Nc6 7. Nbd2 {[%emt 0:00:02]} O-O {[%emt 0:00:02]} 8. Bd3 {[%emt 0:00:02]} b6 {[%emt 0:00:01]} 9. O-O {[%emt 0:00:04]} Bb7 {[%emt 0:00:00]} 10. Qe2 {[%emt 0:00:02]} Ne7 {[%emt 0:00:03]} 11. Rad1 {[%emt 0:00:03]} Ne4 {[%emt 0:00:06]} 12. Bxd6 {[%emt 0:00:04]} Nxd6 {[%emt 0:00:12]} 13. dxc5 {[%emt 0:00:10]} bxc5 {[%emt 0:00:02]} 14. e4 {[%emt 0:00:03]} Ng6 {[%emt 0:00:10]} 15. Qe3 {[%emt 0:00:28]} Qb6 {[%emt 0:00:12]} 16. e5 {[%emt 0:00:11]} Nf5 {[%emt 0:00:10]} 17. Bxf5 {[%emt 0:00:35]} exf5 {[%emt 0:00:00]} 18. Qg5 {[%emt 0:00:22]} Qe6 {[%emt 0:00:28]} 19. Rfe1 {[%emt 0:00:04]} h6 {[%emt 0:00:20]} 20. Qe3 {[%emt 0:00:08]} Rfc8 {[%emt 0:00:06]} 21. Nb3 {[%emt 0:00:07]} Qe7 {[%emt 0:00:08]} 22. g3 {[%emt 0:00:12]} Kh8 {[%emt 0:00:04]} 23. h4 {[%emt 0:00:03]} f4 {[%emt 0:00:11]} 24. Qe2 {[%emt 0:00:14]} fxg3 {[%emt 0:00:08]} 25. fxg3 {[%emt 0:00:01]} Re8 {[%emt 0:00:18]} 26. Na5 {[%emt 0:00:14]} Rad8 {[%emt 0:00:08]} 27. Nxb7 {[%emt 0:00:12]} Qxb7 {[%emt 0:00:01]} 28. Qf2 {[%emt 0:00:02]} d4 {[%emt 0:00:21]} 29. cxd4 {[%emt 0:00:04]} cxd4 {[%emt 0:00:01]} 30. Rxd4 {[%emt 0:00:03]} Rxd4 {[%emt 0:00:08]} 31. Nxd4 {[%emt 0:00:02]} Nxe5 {[%emt 0:00:03]} 32. Qf4 {[%emt 0:00:18]} f6 {[%emt 0:00:04]} 33. Re2 {[%emt 0:00:03]} Re7 {[%emt 0:00:20]} 34. Rf2 {[%emt 0:00:03]} Qb4 {[%emt 0:00:03]} 35. Kh2 {[%emt 0:00:04]} Nd3 {[%emt 0:00:03]} 0-1

[Event "RUS-ch Blitz Women 2018"]
[Site "Sochi"]
[Date "2018.10.07"]
[Round "18"]
[White "Guseva, Marina"]
[Black "Dordzhieva, Dinara"]
[Result "1/2-1/2"]
[WhiteElo "2292"]
[BlackElo "2340"]
[Annotator "NA"]
[PlyCount "104"]
[EventDate "2018.10.07"]
[EventType "swiss"]
[EventCountry "RUS"]
[SourceTitle "playchess.com"]
[Source "ChessBase"]
[SourceQuality "1"]
[TimeControl "180+2"]

1. d4 {[%emt 0:00:00]} d5 {[%emt 0:00:06]} 2. c4 {[%emt 0:00:00]} e6 {[%emt 0:00:00]} 3. Nc3 {[%emt 0:00:01]} Nf6 {[%emt 0:00:01]} 4. cxd5 {[%emt 0:00:02]} exd5 {[%emt 0:00:01]} 5. Bg5 {[%emt 0:00:01]} Be7 {[%emt 0:00:01]} 6. e3 {[%emt 0:00:00]} c6 {[%emt 0:00:01]} 7. Bd3 {[%emt 0:00:02]} Nbd7 {[%emt 0:00:01]} 8. Qc2 {[%emt 0:00:08]} Nh5 {[%emt 0:00:01]} 9. Bxe7 {[%emt 0:00:01]} Qxe7 {[%emt 0:00:01]} 10. O-O-O {[%emt 0:00:03]} g6 {[%emt 0:00:00]} 11. h3 {[%emt 0:00:02]} Nb6 {[%emt 0:00:02]} 12. Nf3 {[%emt 0:00:05]} Ng7 {[%emt 0:00:01]} 13. g4 {[%emt 0:00:08]} Be6 {[%emt 0:00:01]} 14. Kb1 {[%emt 0:00:03]} O-O-O {[%emt 0:00:01]} 15. Na4 {[%emt 0:00:06]} Nxa4 {[%emt 0:00:01]} 16. Qxa4 {[%emt 0:00:00]} Kb8 {[%emt 0:00:01]} 17. Ne5 {[%emt 0:00:13]} f6 {[%emt 0:00:20]} 18. Nf3 {[%emt 0:00:02]} Ne8 {[%emt 0:00:01]} 19. Rc1 {[%emt 0:00:06]} Bd7 {[%emt 0:00:03]} 20. Rc3 {[%emt 0:00:11]} Nd6 {[%emt 0:00:14]} 21. Qb4 {[%emt 0:00:24]} Nc8 {[%emt 0:00:16]} 22. Qxe7 {[%emt 0:00:06]} Nxe7 {[%emt 0:00:00]} 23. Rg1 {[%emt 0:00:04]} g5 {[%emt 0:00:01]} 24. h4 h6 25. Rcc1 {[%emt 0:00:13]} Rdg8 {[%emt 0:00:03]} 26. h5 {[%emt 0:00:14]} Nc8 {[%emt 0:00:10]} 27. Nd2 {[%emt 0:00:08]} Nd6 {[%emt 0:00:01]} 28. Bg6 {[%emt 0:00:20]} Rf8 {[%emt 0:00:04]} 29. f4 {[%emt 0:00:05]} Be8 {[%emt 0:00:14]} 30. Bxe8 {[%emt 0:00:29]} Rxe8 {[%emt 0:00:01]} 31. Rce1 {[%emt 0:00:10]} Re7 {[%emt 0:00:04]} 32. Kc2 {[%emt 0:00:02]} Rhe8 {[%emt 0:00:03]} 33. fxg5 {[%emt 0:00:02]} fxg5 {[%emt 0:00:00]} 34. Kd3 {[%emt 0:00:02]} Ne4 {[%emt 0:00:17]} 35. Nxe4 {[%emt 0:00:03]} Rxe4 {[%emt 0:00:00]} 36. b3 {[%emt 0:00:12]} Rf8 {[%emt 0:00:05]} 37. Ke2 {[%emt 0:00:02]} Kc7 {[%emt 0:00:06]} 38. Rg3 {[%emt 0:00:02]} Rfe8 {[%emt 0:00:12]} 39. Kd3 {[%emt 0:00:04]} a5 {[%emt 0:00:08]} 40. Rf1 {[%emt 0:00:01]} R8e6 {[%emt 0:00:07]} 41. a3 {[%emt 0:00:02]} Kb6 42. Rf7 {[%emt 0:00:02]} Re7 {[%emt 0:00:08]} 43. Rxe7 {[%emt 0:00:03]} Rxe7 {[%emt 0:00:00]} 44. Rf3 {[%emt 0:00:01]} Re4 {[%emt 0:00:01]} 45. Rf6 {[%emt 0:00:01]} Rxg4 {[%emt 0:00:00]} 46. Rxh6 {[%emt 0:00:01]} Rh4 {[%emt 0:00:02]} 47. Rh8 {[%emt 0:00:01]} Rh2 {[%emt 0:00:03]} 48. h6 {[%emt 0:00:02]} g4 {[%emt 0:00:02]} 49. h7 {[%emt 0:00:04]} g3 {[%emt 0:00:01]} 50. a4 {[%emt 0:00:04]} g2 {[%emt 0:00:02]} 51. Rg8 {[%emt 0:00:01]} Rxh7 {[%emt 0:00:05]} 52. Rxg2 {[%emt 0:00:02]} Rh1 {[%emt 0:00:01] Ke4} 1/2-1/2

[Event "RUS-ch Blitz Women 2018"]
[Site "Sochi"]
[Date "2018.10.07"]
[Round "18"]
[White "Maltsevskaya, Aleksandra"]
[Black "Voit, Daria"]
[Result "1-0"]
[WhiteElo "2290"]
[BlackElo "2352"]
[Annotator "NA"]
[PlyCount "147"]
[EventDate "2018.10.07"]
[EventType "swiss"]
[EventCountry "RUS"]
[SourceTitle "playchess.com"]
[Source "ChessBase"]
[SourceQuality "1"]
[TimeControl "180+2"]

1. c4 {[%emt 0:00:00]} c5 {[%emt 0:00:00]} 2. Nf3 {[%emt 0:00:02]} Nc6 {[%emt 0:00:00]} 3. g3 {[%emt 0:00:01]} e5 {[%emt 0:00:05]} 4. d3 {[%emt 0:00:01]} d6 {[%emt 0:00:01]} 5. Bg2 {[%emt 0:00:01]} g6 {[%emt 0:00:01]} 6. O-O {[%emt 0:00:03]} Bg7 {[%emt 0:00:02]} 7. Nc3 {[%emt 0:00:02]} Nge7 {[%emt 0:00:01]} 8. a3 {[%emt 0:00:06]} O-O {[%emt 0:00:04]} 9. b4 {[%emt 0:00:06]} cxb4 {[%emt 0:00:01]} 10. axb4 {[%emt 0:00:01]} Nxb4 {[%emt 0:00:01]} 11. Ba3 {[%emt 0:00:01]} Nbc6 {[%emt 0:00:06]} 12. Nb5 {[%emt 0:00:01]} Be6 {[%emt 0:00:08]} 13. Nxd6 {[%emt 0:00:05]} Qd7 {[%emt 0:00:00]} 14. Ne4 {[%emt 0:00:18]} b6 {[%emt 0:00:18]} 15. Rb1 {[%emt 0:00:01]} Bh3 {[%emt 0:00:12]} 16. Bxh3 {[%emt 0:00:15]} Qxh3 {[%emt 0:00:02]} 17. c5 {[%emt 0:00:03]} bxc5 {[%emt 0:00:04]} 18. Bxc5 {[%emt 0:00:05]} Qd7 {[%emt 0:00:08]} 19. Qa4 {[%emt 0:00:04]} Nd5 {[%emt 0:00:08]} 20. Bxf8 {[%emt 0:00:05]} Bxf8 {[%emt 0:00:02]} 21. Rfc1 {[%emt 0:00:02]} Rc8 {[%emt 0:00:06]} 22. Rc2 {[%emt 0:00:18]} f5 {[%emt 0:00:02]} 23. Nc5 {[%emt 0:00:04]} Qd6 {[%emt 0:00:13]} 24. Rbc1 {[%emt 0:00:07]} Ncb4 {[%emt 0:00:14]} 25. Rc4 {[%emt 0:00:43]} Nb6 {[%emt 0:00:21]} 26. Qxb4 {[%emt 0:00:19]} Nxc4 {[%emt 0:00:01]} 27. Qxc4+ {[%emt 0:00:02]} Kh8 {[%emt 0:00:07]} 28. Ng5 {[%emt 0:00:02]} Qxc5 {[%emt 0:00:10]} 29. Qxc5 {[%emt 0:00:03]} Rxc5 {[%emt 0:00:02]} 30. Rb1 {[%emt 0:00:01]} h6 {[%emt 0:00:53]} 31. Ne6 {[%emt 0:00:15]} Rc8 {[%emt 0:00:01]} 32. Rb7 {[%emt 0:00:03]} a5 {[%emt 0:00:10]} 33. Ra7 {[%emt 0:00:01]} Bb4 {[%emt 0:00:01]} 34. e3 {[%emt 0:00:30]} Rc6 {[%emt 0:00:03]} 35. Nd8 {[%emt 0:00:04]} Rc3 {[%emt 0:00:06]} 36. Nf7+ {[%emt 0:00:06]} Kg8 {[%emt 0:00:02]} 37. Nxe5 {[%emt 0:00:01]} g5 {[%emt 0:00:05]} 38. d4 {[%emt 0:00:01]} Rc1+ {[%emt 0:00:05]} 39. Kg2 {[%emt 0:00:01]} Rc2 {[%emt 0:00:01]} 40. d5 {[%emt 0:00:08]} Be1 {[%emt 0:00:03]} 41. Nd3 {[%emt 0:00:01]} Bc3 {[%emt 0:00:02]} 42. d6 {[%emt 0:00:02]} Rd2 {[%emt 0:00:02]} 43. d7 {[%emt 0:00:07]} Rxd3 {[%emt 0:00:05]} 44. Ra8+ {[%emt 0:00:01]} Kf7 {[%emt 0:00:01]} 45. d8=Q {[%emt 0:00:01]} Rxd8 {[%emt 0:00:01]} 46. Rxd8 {[%emt 0:00:00]} h5 {[%emt 0:00:04]} 47. Ra8 {[%emt 0:00:02]} Kf6 {[%emt 0:00:02]} 48. Kf3 {[%emt 0:00:02]} Ke5 {[%emt 0:00:01]} 49. Ke2 {[%emt 0:00:01]} g4 {[%emt 0:00:03]} 50. Kd3 {[%emt 0:00:02]} Be1 {[%emt 0:00:02]} 51. Re8+ {[%emt 0:00:06]} Kf6 {[%emt 0:00:02]} 52. Ra8 {[%emt 0:00:01]} Kg5 {[%emt 0:00:05]} 53. Rb8 {[%emt 0:00:02]} Kf6 {[%emt 0:00:03]} 54. Ke2 {[%emt 0:00:02]} Bb4 {[%emt 0:00:01]} 55. Rb5 {[%emt 0:00:01]} Kg6 {[%emt 0:00:01]} 56. f3 {[%emt 0:00:01]} Kf6 {[%emt 0:00:02]} 57. e4 {[%emt 0:00:02]} gxf3+ {[%emt 0:00:01]} 58. Kxf3 {[%emt 0:00:01]} fxe4+ {[%emt 0:00:01]} 59. Kxe4 {[%emt 0:00:00]} Kg6 {[%emt 0:00:01]} 60. h3 {[%emt 0:00:02]} Be1 {[%emt 0:00:02]} 61. Kf3 {[%emt 0:00:02]} Bb4 {[%emt 0:00:01]} 62. Rb6+ {[%emt 0:00:04]} Kf5 {[%emt 0:00:04]} 63. h4 {[%emt 0:00:05]} Bc3 {[%emt 0:00:01]} 64. Rh6 {[%emt 0:00:03]} a4 {[%emt 0:00:03]} 65. Rxh5+ {[%emt 0:00:01]} Kg6 {[%emt 0:00:01]} 66. Rc5 {[%emt 0:00:02]} Be1 {[%emt 0:00:04]} 67. Rc6+ {[%emt 0:00:01]} Kg7 {[%emt 0:00:02]} 68. Ra6 {[%emt 0:00:01]} Kf7 {[%emt 0:00:02]} 69. h5 {[%emt 0:00:02]} Kg7 {[%emt 0:00:01]} 70. g4 {[%emt 0:00:01]} Bd2 {[%emt 0:00:02]} 71. Ke4 {[%emt 0:00:02]} Kf7 {[%emt 0:00:01]} 72. Kf5 {[%emt 0:00:01]} Kg7 {[%emt 0:00:01]} 73. g5 {[%emt 0:00:01]} Bc3 {[%emt 0:00:02]} 74. Ra7+ {[%emt 0:00:02]} 1-0

[Event "RUS-ch Blitz Women 2018"]
[Site "Sochi"]
[Date "2018.10.07"]
[Round "18"]
[White "Potapova, Margarita"]
[Black "Charochkina, Daria"]
[Result "1/2-1/2"]
[WhiteElo "2284"]
[BlackElo "2344"]
[Annotator "NA"]
[PlyCount "92"]
[EventDate "2018.10.07"]
[EventType "swiss"]
[EventCountry "RUS"]
[SourceTitle "playchess.com"]
[Source "ChessBase"]
[SourceQuality "1"]
[TimeControl "180+2"]

1. d4 {[%emt 0:00:00]} f5 {[%emt 0:00:01]} 2. e4 {[%emt 0:00:00]} fxe4 {[%emt 0:00:01]} 3. Nc3 {[%emt 0:00:01]} Nf6 {[%emt 0:00:01]} 4. Bg5 {[%emt 0:00:01]} Nc6 {[%emt 0:00:00]} 5. d5 {[%emt 0:00:01]} Ne5 6. Qe2 Nf7 {[%emt 0:00:05]} 7. h4 {[%emt 0:00:01]} d6 {[%emt 0:00:09]} 8. O-O-O {[%emt 0:00:09]} Bd7 {[%emt 0:00:40]} 9. Nxe4 {[%emt 0:00:10]} Nxe4 {[%emt 0:00:13]} 10. Qxe4 {[%emt 0:00:01]} c6 {[%emt 0:00:02]} 11. Bc4 {[%emt 0:00:24]} Ne5 {[%emt 0:00:01]} 12. Bb3 {[%emt 0:00:03]} Qc7 {[%emt 0:00:07]} 13. f4 {[%emt 0:00:04]} Ng4 {[%emt 0:00:40]} 14. Nh3 {[%emt 0:00:01]} c5 {[%emt 0:00:24]} 15. Rhe1 {[%emt 0:00:13]} Nf6 {[%emt 0:00:01]} 16. Bxf6 {[%emt 0:00:04]} gxf6 {[%emt 0:00:01]} 17. f5 {[%emt 0:00:12]} O-O-O {[%emt 0:00:11]} 18. Nf4 {[%emt 0:00:03]} Rg8 {[%emt 0:00:14]} 19. Ne6 {[%emt 0:00:05]} Bh6+ {[%emt 0:00:06]} 20. Kb1 {[%emt 0:00:01]} Bxe6 {[%emt 0:00:07]} 21. Qxe6+ {[%emt 0:00:01]} Qd7 {[%emt 0:00:09]} 22. Qxe7 {[%emt 0:00:09]} Qxf5 {[%emt 0:00:05]} 23. Rf1 {[%emt 0:00:21]} Qe5 {[%emt 0:00:01]} 24. Qe6+ {[%emt 0:00:05]} Kb8 {[%emt 0:00:04]} 25. Qxf6 {[%emt 0:00:05]} Qxf6 {[%emt 0:00:09]} 26. Rxf6 {[%emt 0:00:01]} Be3 {[%emt 0:00:00]} 27. Re6 {[%emt 0:00:06]} Bd4 {[%emt 0:00:08]} 28. c3 {[%emt 0:00:02]} Be5 {[%emt 0:00:01]} 29. Re7 {[%emt 0:00:09]} Rxg2 {[%emt 0:00:08]} 30. Rxh7 Rdg8 31. Bc2 {[%emt 0:00:16]} Rh2 {[%emt 0:00:03]} 32. Rf1 {[%emt 0:00:16]} a6 {[%emt 0:00:07]} 33. a4 {[%emt 0:00:08]} Rgg2 {[%emt 0:00:02]} 34. Rf8+ {[%emt 0:00:03]} Ka7 {[%emt 0:00:00]} 35. Rff7 {[%emt 0:00:09]} Rxc2 {[%emt 0:00:06]} 36. Rxb7+ {[%emt 0:00:02]} Ka8 {[%emt 0:00:00]} 37. Ra7+ {[%emt 0:00:02]} Kb8 {[%emt 0:00:01]} 38. Rab7+ {[%emt 0:00:01]} Ka8 {[%emt 0:00:00]} 39. Ra7+ {[%emt 0:00:01]} Kb8 {[%emt 0:00:03]} 40. Rab7+ {[%emt 0:00:01]} Kc8 {[%emt 0:00:03]} 41. Rhc7+ {[%emt 0:00:07]} Kd8 {[%emt 0:00:01]} 42. Rh7 {[%emt 0:00:02]} Kc8 {[%emt 0:00:01]} 43. Rhc7+ {[%emt 0:00:01]} Kd8 {[%emt 0:00:00]} 44. Rh7 {[%emt 0:00:01]} Kc8 {[%emt 0:00:04]} 45. Rhc7+ {[%emt 0:00:01]} Kd8 {[%emt 0:00:01]} 46. Rh7 {[%emt 0:00:03]} Kc8 {[%emt 0:00:04]} 1/2-1/2

[Event "RUS-ch Blitz Women 2018"]
[Site "Sochi"]
[Date "2018.10.07"]
[Round "18"]
[White "Lysenko, Margarita"]
[Black "Goltseva, Ekaterina"]
[Result "1-0"]
[WhiteElo "2122"]
[BlackElo "2169"]
[Annotator "NA"]
[PlyCount "87"]
[EventDate "2018.10.07"]
[EventType "swiss"]
[EventCountry "RUS"]
[SourceTitle "playchess.com"]
[Source "ChessBase"]
[SourceQuality "1"]
[TimeControl "180+2"]

1. c4 {[%emt 0:00:00]} c5 {[%emt 0:00:00]} 2. g3 {[%emt 0:00:03]} Nf6 {[%emt 0:00:00]} 3. Bg2 {[%emt 0:00:01]} d5 {[%emt 0:00:00]} 4. cxd5 Nxd5 5. Nf3 {[%emt 0:00:04]} Nc6 {[%emt 0:00:01]} 6. O-O {[%emt 0:00:02]} e5 {[%emt 0:00:01]} 7. Nc3 {[%emt 0:00:10]} Nc7 {[%emt 0:00:01]} 8. d3 {[%emt 0:00:07]} Be7 {[%emt 0:00:01]} 9. Ne1 {[%emt 0:00:23]} O-O {[%emt 0:00:04]} 10. Nc2 {[%emt 0:00:00]} Be6 {[%emt 0:00:12]} 11. Ne3 {[%emt 0:00:02]} Nd4 {[%emt 0:00:08]} 12. Bxb7 {[%emt 0:00:07]} Rb8 {[%emt 0:00:01]} 13. Bg2 {[%emt 0:00:04]} f5 {[%emt 0:00:04]} 14. b3 {[%emt 0:00:28]} Bf6 {[%emt 0:00:36]} 15. Bb2 {[%emt 0:00:01]} Qe7 {[%emt 0:00:03]} 16. Rc1 {[%emt 0:00:03]} Qf7 {[%emt 0:00:12]} 17. Ba3 {[%emt 0:00:19]} f4 {[%emt 0:00:11]} 18. Nc4 {[%emt 0:00:06]} Na6 {[%emt 0:00:26]} 19. Ne4 {[%emt 0:00:12]} Qh5 {[%emt 0:00:01]} 20. f3 {[%emt 0:00:51]} fxg3 {[%emt 0:00:13]} 21. hxg3 {[%emt 0:00:02]} Bg5 {[%emt 0:00:22]} 22. e3 {[%emt 0:00:24]} Nc6 {[%emt 0:00:12]} 23. f4 {[%emt 0:00:04]} Bg4 {[%emt 0:00:26]} 24. Bf3 {[%emt 0:00:02]} Bxf3 {[%emt 0:00:05]} 25. Qxf3 {[%emt 0:00:01]} Qxf3 {[%emt 0:00:02]} 26. Rxf3 {[%emt 0:00:02]} Be7 {[%emt 0:00:04]} 27. Rcf1 {[%emt 0:00:05]} exf4 {[%emt 0:00:03]} 28. Rxf4 {[%emt 0:00:04]} Rfd8 {[%emt 0:00:03]} 29. Nf2 {[%emt 0:00:05]} Nab4 {[%emt 0:00:07]} 30. Bxb4 {[%emt 0:00:02]} Nxb4 {[%emt 0:00:01]} 31. Re4 {[%emt 0:00:01]} Bf6 {[%emt 0:00:02]} 32. Rd1 {[%emt 0:00:06]} Rb7 {[%emt 0:00:04]} 33. Rf4 {[%emt 0:00:02]} Rbd7 {[%emt 0:00:02]} 34. Ng4 {[%emt 0:00:01]} Nxd3 {[%emt 0:00:14]} 35. Nxf6+ {[%emt 0:00:01]} gxf6 {[%emt 0:00:01]} 36. Rxf6 {[%emt 0:00:01]} Kg7 {[%emt 0:00:02]} 37. Rc6 {[%emt 0:00:03]} Rf7 {[%emt 0:00:02]} 38. Ra6 {[%emt 0:00:02]} Rf3 {[%emt 0:00:03]} 39. Kg2 {[%emt 0:00:03]} Rf2+ {[%emt 0:00:00]} 40. Kg1 {[%emt 0:00:01]} Rf3 {[%emt 0:00:03]} 41. Kg2 {[%emt 0:00:01]} Rf2+ {[%emt 0:00:01]} 42. Kg1 {[%emt 0:00:01]} Rd7 {[%emt 0:00:04]} 43. Rxd3 {[%emt 0:00:02]} Rxd3 {[%emt 0:00:02]} 44. Kxf2 {[%emt 0:00:01]} 1-0

[Event "RUS-ch Blitz Women 2018"]
[Site "Sochi"]
[Date "2018.10.07"]
[Round "18"]
[White "Illina, Natalia"]
[Black "Nebolsina, Vera"]
[Result "1/2-1/2"]
[WhiteElo "1879"]
[BlackElo "2220"]
[Annotator "NA"]
[PlyCount "64"]
[EventDate "2018.10.07"]
[EventType "swiss"]
[EventCountry "RUS"]
[SourceTitle "playchess.com"]
[Source "ChessBase"]
[SourceQuality "1"]
[TimeControl "180+2"]

1. e4 {[%emt 0:00:00]} e5 {[%emt 0:00:00]} 2. Nf3 {[%emt 0:00:00]} Nf6 {[%emt 0:00:00]} 3. Nxe5 {[%emt 0:00:00]} d6 {[%emt 0:00:01]} 4. Nc4 {[%emt 0:00:01]} Nxe4 {[%emt 0:00:02]} 5. d4 {[%emt 0:00:01]} Be7 {[%emt 0:00:14]} 6. Bd3 {[%emt 0:00:13]} d5 {[%emt 0:00:29]} 7. Ne3 {[%emt 0:00:01]} O-O {[%emt 0:00:11]} 8. O-O {[%emt 0:00:05]} c6 {[%emt 0:00:05]} 9. c4 {[%emt 0:00:02]} Be6 {[%emt 0:00:08]} 10. b3 {[%emt 0:00:02]} Nd7 {[%emt 0:00:10]} 11. Nd2 {[%emt 0:00:14]} f5 {[%emt 0:00:07]} 12. Re1 {[%emt 0:00:41]} Bf6 {[%emt 0:00:14]} 13. Bb2 {[%emt 0:00:03]} f4 {[%emt 0:00:18]} 14. Nef1 {[%emt 0:00:03]} Nxd2 {[%emt 0:00:15]} 15. Rxe6 {[%emt 0:00:12]} Nxf1 {[%emt 0:00:02]} 16. Qxf1 {[%emt 0:00:14]} Nc5 {[%emt 0:00:04]} 17. Rxf6 {[%emt 0:00:06]} Qxf6 {[%emt 0:00:02]} 18. Ba3 {[%emt 0:00:39]} Qxd4 {[%emt 0:00:17]} 19. Rd1 {[%emt 0:00:01]} Nxd3 {[%emt 0:00:01]} 20. Bxf8 {[%emt 0:00:05]} Rxf8 {[%emt 0:00:10]} 21. Rxd3 {[%emt 0:00:03]} Qe4 {[%emt 0:00:05]} 22. cxd5 {[%emt 0:00:12]} cxd5 {[%emt 0:00:06]} 23. Qd1 {[%emt 0:00:09]} f3 {[%emt 0:00:05]} 24. gxf3 {[%emt 0:00:31]} Qg6+ {[%emt 0:00:06]} 25. Kh1 {[%emt 0:00:03]} Qf6 {[%emt 0:00:05]} 26. Rxd5 {[%emt 0:00:03]} Qxf3+ {[%emt 0:00:02]} 27. Qxf3 {[%emt 0:00:01]} Rxf3 {[%emt 0:00:01]} 28. Rd8+ {[%emt 0:00:03]} Rf8 {[%emt 0:00:04]} 29. Rd7 {[%emt 0:00:04]} Rf7 {[%emt 0:00:01]} 30. Rd8+ {[%emt 0:00:01]} Rf8 {[%emt 0:00:01]} 31. Rd7 {[%emt 0:00:01]} Rf7 {[%emt 0:00:00]} 32. Rd8+ {[%emt 0:00:00]} Rf8 {[%emt 0:00:01]} 1/2-1/2